|
|
|
|
| LEADER |
01023nam a2200253 i 4500 |
| 001 |
c000245815 |
| 003 |
CARM |
| 005 |
00000000000000.0 |
| 008 |
840311s1962 enk 0 eng d |
| 019 |
1 |
|
|a 6906637
|z 2720823
|z 23840872
|z 10041366
|5 LACONCORD2021
|
| 035 |
|
|
|a (OCoLC)6904298
|5 LACONCORD2021
|
| 082 |
0 |
4 |
|a 331.22
|
| 100 |
1 |
|
|a Brown, Wilfred,
|c Baron,
|d 1908-
|
| 245 |
1 |
0 |
|a Piecework abandoned :
|b the effect of wage incentive systems on managerial authority.
|
| 260 |
|
|
|a London :
|b Heinemann,
|c [1962].
|
| 300 |
|
|
|a 119 p.
|
| 500 |
|
|
|a "One of a series concerned with publishing the results arising from the Glacier Project".
|
| 500 |
|
|
|a Bibliography: p.110-112.
|
| 610 |
2 |
0 |
|a Glacier Metal Company.
|
| 650 |
|
0 |
|a Wage payment systems.
|
| 650 |
|
0 |
|a Incentives in industry.
|
| 852 |
8 |
|
|b CARM
|h A1:AP06A0
|i B07257
|p 0363750
|f BK
|
| 999 |
f |
f |
|i 962b53db-d881-532d-9f81-67af8e4f0451
|s e4ccfc35-bcf1-5479-80a2-eeb61b58eb0c
|
| 952 |
f |
f |
|p Can circulate
|a CAVAL
|b CAVAL
|c CAVAL
|d CARM 1 Store
|e B07257
|f A1:AP06A0
|h Other scheme
|i book
|m 0363750
|